Clips du top 50 de l'année 2012 - Statistiques

Statistiques générales
  • Ce quiz a été pris 320 fois
  • Le résultat moyen est 5 sur 8
Statistiques - réponses
Par images Réponse % Correct
Céline Dion - Parler à mon père
88%
Il pulcino Pio - Le poussin Piou
86%
Orelsan - La Terre est ronde
85%
Tal - Le sens de la vie
75%
Sexion d'assaut - Ma direction
73%
Khaled - C’est la vie
58%
BB Brunes - Coups et blessures
32%
1789 : Les Amants de la Bastille (Rod Janois) - Ça ira mon amour
17%
Aucun quiz correspondant
Distribution des résultats
% des personnes avec chaque résultat
Percentile par nombre de réponses
Votre historique - résultats
Vous n’avez pas pris ce quiz